logo

Bir Sreshtho Munshi Abdur Rouf Library
Jhenaidah Cadet College

Carcajou / (Record no. 7363)

MARC details
000 -LEADER
fixed length control field 00868cam a22002771 4500
001 - CONTROL NUMBER
JCCL Control Number 7363
003 - CONTROL NUMBER IDENTIFIER
JCCL marc code BD-JhCC
005 - DATE AND TIME OF LATEST TRANSACTION
control field 20180402191017.0
008 - FIXED-LENGTH DATA ELEMENTS--GENERAL INFORMATION
fixed length control field 850731t19671936maua j 000 1 eng
035 ## - SYSTEM CONTROL NUMBER
system control number (BD-JhCC)7363
040 ## - CATALOGING SOURCE
Original cataloging agency DLC
Transcribing agency DLC
Modifying agency DLC
-- BD-JhCC
041 ## - LANGUAGE CODE
Language code of Book eng
050 00 - LIBRARY OF CONGRESS CALL NUMBER
Classification number PZ10.3.M69
Item number Car5
082 00 - DEWEY DECIMAL CLASSIFICATION NUMBER
Classification number 599.7
Author mark and Year MON 1936
100 1# - MAIN ENTRY--PERSONAL NAME
Personal name Montgomery, Rutherford George,
Dates associated with a name 1896-
245 10 - TITLE STATEMENT
Title Carcajou /
Statement of responsibility, etc [by] Rutherford G. Montgomery. Illustrated by L. D. Cram.
260 ## - PUBLICATION, DISTRIBUTION, ETC. (IMPRINT)
Place of publication, distribution, etc Boston,
Name of publisher, distributor, etc Houghton Mifflin
Date of publication, distribution, etc [1967, c1936]
300 ## - PHYSICAL DESCRIPTION
Pagination 144 p.
Other physical details illus.
Dimensions 18 cm.
490 0# - SERIES STATEMENT
Series statement Merit books
520 ## - SUMMARY, ETC.
Summary, etc The story of a wolverine as he outwits man, the hunter, as well as his natural enemies--all except one.
650 #0 - SUBJECT ADDED ENTRY--TOPICAL TERM
Topical term or geographic name as entry element Wolverine
Form subdivision Juvenile literature.
650 #1 - SUBJECT ADDED ENTRY--TOPICAL TERM
Topical term or geographic name as entry element Wolverine.
700 1# - ADDED ENTRY--PERSONAL NAME
Personal name Cram, L. D.,
942 ## - ADDED ENTRY ELEMENTS (KOHA)
Source of classification or shelving scheme Dewey Decimal Classification
Koha item type Books
Holdings
Source of classification or shelving scheme Damaged status Not for loan Home library Current library Shelving location Total Checkouts Full call number Barcode Date last seen Copy number Koha item type
Dewey Decimal Classification     JCC Rouf Library JCC Rouf Library General Stacks   599.7 MON 1936 9901 02/08/2018 C - 1 Books

JCC Library | Contacts | JCC Home

Last Update on 23 September 2017
Copyright @ 2017-2020 JCC Rouf Library
Rouf Library, Jhenidah Cadet College (JCC), Bangladesh